000 00230 a2200109 4500
020 _a9780763633011
041 _aeng
100 _aLiz Kessler
245 _aEmily Windsnop and the monster fromthe deep
942 _cBK
952 _71
999 _c18680
_d18680